000 00503nam a2200169 i 4500
001 72815
003 ES-MaACL
005 20230906171551.0
007 t|
008 040903s1977 sp ||||1| spa d
100 1 _aGogarten, Friedrich.
_957593
245 1 0 _a¿Qué es cristianismo? /
_cFriedrich Gogarten ; [versión de Félix de la Fuente].
260 _aBarcelona :
_bHerder,
_c1977.
300 _a171 p. ;
_c20 cm.
700 1 _aFuente, Félix de la.
_952836
852 _aES-MaACL
_jA-7166
_bR.96328
999 _c72815
_d72815